[Event "11th EUR-ch"]
[Site "Rijeka CRO"]
[Date "2010.03.14"]
[Round "8"]
[White "Sheskin, Matan"]
[Black "Brunello, Sabino"]
[Result "0-1"]
[WhiteElo "2207"]
[BlackElo "2476"]
[EventDate "2010.03.06"]
[PlyCount "64"]

1.e4 e5 2.Nf3 Nc6 3.Nc3 Nf6 4.Bb5 Bb4 5.O-O O-O 6.d3 d6 7.Bg5 Bxc3 8.bxc3 
Qe7 9.Re1 Nd8 10.d4 Ne6 11.Bc1 Rd8 12.Bd3 Nf8 13.Rb1 Ng6 14.Be3 h6 15.Nd2 
Ng4 16.Nf1 Qf6 17.Be2 Nxe3 18.Nxe3 c6 19.Bg4 b6 20.Bxc8 Raxc8 21.Qd3 Nf4 
22.Qa6 Rc7 23.Red1 exd4 24.cxd4 Re8 25.f3 d5 26.e5 Qg5 27.Kh1 Ng6 28.Qa3 
f6 29.Qd6 Rcc8 30.Ng4 h5 31.Nf2 fxe5 32.dxe5 Nxe5 0-1

[Event "11th EUR-ch"]
[Site "Rijeka CRO"]
[Date "2010.03.14"]
[Round "8"]
[White "Medvegy, Zoltan"]
[Black "Pankov, German"]
[Result "1/2-1/2"]
[WhiteElo "2556"]
[BlackElo "2353"]
[EventDate "2010.03.06"]
[PlyCount "45"]

1.d4 d5 2.c4 c6 3.Nc3 Nf6 4.e3 e6 5.Nf3 Nbd7 6.Qc2 Bd6 7.b3 O-O 8.Be2 b6 
9.O-O Bb7 10.Bb2 c5 11.cxd5 exd5 12.Rad1 Rc8 13.Qf5 Qe7 14.Bd3 a6 15.Qh3 
c4 16.bxc4 dxc4 17.Bc2 b5 18.e4 b4 19.e5 bxc3 20.exf6 Nxf6 21.Bxc3 Be4 22.
Rfe1 Qb7 23.Rb1 1/2-1/2

[Event "11th EUR-ch"]
[Site "Rijeka CRO"]
[Date "2010.03.14"]
[Round "8"]
[White "Djukic, Nikola"]
[Black "Grimberg, Boris"]
[Result "1-0"]
[WhiteElo "2509"]
[BlackElo "2352"]
[EventDate "2010.03.06"]
[PlyCount "55"]

1.d4 d5 2.c4 c6 3.Nc3 Nf6 4.Nf3 g6 5.Bf4 Bg7 6.e3 O-O 7.Bd3 c5 8.dxc5 Qa5 
9.O-O dxc4 10.Bxc4 Qxc5 11.Qb3 Nc6 12.Ng5 e6 13.Qb5 Qe7 14.Nge4 Ne8 15.
Rfd1 Nc7 16.Qa4 Ne5 17.Bg5 f6 18.Bf4 a6 19.Bb3 b5 20.Qd4 b4 21.Na4 Nb5 22.
Qc5 Qb7 23.Nd6 Nxd6 24.Rxd6 Qe7 25.Rxe6 Qxe6 26.Bxe5 Qxb3 27.axb3 fxe5 28.
Qd5+ 1-0

[Event "11th EUR-ch"]
[Site "Rijeka CRO"]
[Date "2010.03.14"]
[Round "8"]
[White "Sebenik, Matej"]
[Black "Onoprienko, Vladimir"]
[Result "1-0"]
[WhiteElo "2504"]
[BlackElo "2346"]
[EventDate "2010.03.06"]
[PlyCount "87"]

1.d4 Nf6 2.c4 e6 3.g3 c5 4.d5 d6 5.Nc3 exd5 6.cxd5 g6 7.Bg2 Bg7 8.Nf3 O-O 
9.O-O Na6 10.Nd2 Nc7 11.Nc4 b6 12.Nxd6 Ba6 13.Nde4 Nfxd5 14.Nxd5 Nxd5 15.
Bg5 Qd7 16.Nc3 Nf6 17.Bxf6 Qxd1 18.Rfxd1 Bxf6 19.Bxa8 Rxa8 20.Nd5 Bd8 21.
e4 Be2 22.Rd2 Bf3 23.Re1 b5 24.h3 g5 25.Re3 g4 26.hxg4 Bxg4 27.Rc2 c4 28.
Kg2 Kg7 29.f3 Bd7 30.b3 cxb3 31.Rxb3 a5 32.Nc7 Bxc7 33.Rxc7 Be8 34.Rbc3 b4
35.R3c5 Ra6 36.Re5 Ra8 37.Rg5+ Kf8 38.Rgc5 f6 39.Rc8 Ra6 40.R5c7 Rd6 41.
Rxh7 Rd2+ 42.Kh3 Rxa2 43.Rh8+ Kf7 44.Rc7+ 1-0

[Event "11th EUR-ch"]
[Site "Rijeka CRO"]
[Date "2010.03.14"]
[Round "8"]
[White "Boros, Denes"]
[Black "Bohnisch, Manfred"]
[Result "1/2-1/2"]
[WhiteElo "2485"]
[BlackElo "2316"]
[EventDate "2010.03.06"]
[PlyCount "37"]

1.e4 c6 2.d4 d5 3.e5 Bf5 4.Nd2 e6 5.g4 Bg6 6.Ne2 c5 7.h4 h6 8.Nf4 Bh7 9.
dxc5 Bxc5 10.Bb5+ Nc6 11.Nb3 Qb6 12.Bxc6+ Qxc6 13.Nxc5 Qxc5 14.c3 Ne7 15.
Nh5 Be4 16.Rh3 O-O-O 17.Be3 Qc7 18.Bd4 Nc6 19.Qe2 1/2-1/2

[Event "11th EUR-ch"]
[Site "Rijeka CRO"]
[Date "2010.03.14"]
[Round "8"]
[White "Chudinovskikh, Alexander"]
[Black "Ortega, Lexy"]
[Result "0-1"]
[WhiteElo "2314"]
[BlackElo "2479"]
[EventDate "2010.03.06"]
[PlyCount "118"]

1.e4 c5 2.Nf3 e6 3.c3 Nf6 4.e5 Nd5 5.Bc4 Nb6 6.Be2 Nc6 7.O-O d6 8.exd6 
Bxd6 9.d4 cxd4 10.Nxd4 O-O 11.Nb5 Be5 12.Nd2 a6 13.Na3 Qc7 14.Nf3 Bd6 15.
Re1 Bd7 16.h3 Rac8 17.Nc4 Nxc4 18.Bxc4 Rfd8 19.Bb3 Na5 20.Bc2 Bb5 21.Nd4 
Be8 22.Qf3 g6 23.Bg5 Bh2+ 24.Kh1 Rd5 25.Bf6 Bd6 26.Qe2 Bf8 27.Be4 Rd7 28.
Nf3 Bg7 29.Bxg7 Kxg7 30.Rad1 Rcd8 31.Rxd7 Rxd7 32.Rd1 Qc4 33.Bd3 Qxa2 34.
Ne5 Rd8 35.Ng4 Qd5 36.Bc2 Qb5 37.Bd3 Qg5 38.Bc2 Bb5 39.Qe1 Rxd1 40.Qxd1 
Nc6 41.b3 h5 42.Ne3 Ne5 43.Be4 Bc6 44.Bxc6 Nxc6 45.Qd7 Qe7 46.Qc8 Na7 47.
Qb8 Nb5 48.c4 Nd4 49.b4 Nc6 50.Qc8 Qxb4 51.Kh2 a5 52.Qd7 Qb2 53.c5 Qe5+ 
54.Kg1 Qxc5 55.Qxb7 a4 56.Qb2+ Nd4 57.Nc2 e5 58.Na3 Qc1+ 59.Qxc1 Ne2+ 0-1

[Event "11th EUR-ch"]
[Site "Rijeka CRO"]
[Date "2010.03.14"]
[Round "8"]
[White "Medancic, Rikard"]
[Black "Arkell, Keith"]
[Result "0-1"]
[WhiteElo "2311"]
[BlackElo "2474"]
[EventDate "2010.03.06"]
[PlyCount "103"]

1.d4 Nf6 2.Nf3 e6 3.c4 b6 4.Nc3 Bb4 5.Bg5 h6 6.Bh4 Bb7 7.Nd2 Nc6 8.e3 Ne7 
9.f3 Ng6 10.Bf2 e5 11.Qb3 Qe7 12.d5 c6 13.dxc6 Bxc6 14.Be2 e4 15.f4 Bc5 
16.g3 h5 17.Qd1 h4 18.Rg1 hxg3 19.hxg3 d5 20.cxd5 Nxd5 21.Nxd5 Bxd5 22.
Qa4+ Kf8 23.Bc4 Bb7 24.Ba6 Bxa6 25.Qxa6 Bb4 26.O-O-O Rh2 27.Qe2 Rd8 28.Nb3
Rd3 29.Rh1 Qc7+ 30.Kb1 Qd7 31.Rc1 Rxh1 32.Rxh1 a5 33.Rc1 a4 34.Nd4 Bc5 35.
a3 Qh3 36.Be1 Kg8 37.Qc2 Qd7 38.Bf2 Ne7 39.Qc4 Nd5 40.Nc2 Nf6 41.Qa6 Rd1 
42.Nd4 Rxc1+ 43.Kxc1 Bxd4 44.exd4 Qc6+ 45.Kd2 Nd5 46.Be3 f5 47.Bf2 Kf7 48.
Qe2 Kg6 49.g4 Qe6 50.gxf5+ Qxf5 51.Be3 Qh3 52.Bf2 0-1

[Event "11th EUR-ch"]
[Site "Rijeka CRO"]
[Date "2010.03.14"]
[Round "8"]
[White "Rasulov, Vugar Ural Oglu"]
[Black "Ramesa, Davor"]
[Result "1-0"]
[WhiteElo "2457"]
[BlackElo "2339"]
[EventDate "2010.03.06"]
[PlyCount "99"]

1.e4 c5 2.Nf3 Nc6 3.d4 cxd4 4.Nxd4 e6 5.Nc3 Qc7 6.Be2 a6 7.O-O Nf6 8.Be3 
Be7 9.f4 d6 10.Qe1 Nxd4 11.Bxd4 O-O 12.Qg3 Rd8 13.Rad1 b5 14.a3 Bb7 15.Kh1
g6 16.Bf3 Rd7 17.h4 d5 18.Be5 Qd8 19.exd5 Nxd5 20.h5 Ne3 21.hxg6 fxg6 22.
Qh3 Nxd1 23.Qxe6+ Kf8 24.Bxb7 Ne3 25.Bxa8 Qxa8 26.Rf3 Nxg2 27.Kxg2 Rd2+ 
28.Kg3 Qa7 29.Ne2 Rxe2 30.Bg7+ Kxg7 31.Qxe2 Qg1+ 32.Qg2 Qe1+ 33.Kh2 Bd6 
34.Kh3 Be7 35.Rf2 Qe6+ 36.Qg4 Qe3+ 37.Qf3 Qe6+ 38.f5 Qd7 39.Kg2 gxf5 40.
Qxf5 Qc6+ 41.Kf1 Qc4+ 42.Qd3 Qc5 43.Qe4 Qd6 44.Qg4+ Kh8 45.Rf7 Bf8 46.Qf3 
Kg8 47.Rf6 Qc5 48.Qb3+ Kh8 49.Qf7 Bd6 50.Rh6 1-0

[Event "11th EUR-ch"]
[Site "Rijeka CRO"]
[Date "2010.03.14"]
[Round "8"]
[White "Bakalarz, Mieczyslaw"]
[Black "Potapov, Alexander"]
[Result "1-0"]
[WhiteElo "2300"]
[BlackElo "2446"]
[EventDate "2010.03.06"]
[PlyCount "127"]

1.e4 c5 2.c3 Nf6 3.e5 Nd5 4.d4 cxd4 5.Nf3 Nc6 6.Bc4 Nb6 7.Bb3 g6 8.Ng5 d5 
9.exd6 e6 10.Qf3 Ne5 11.Qg3 Bxd6 12.Ne4 f5 13.Bg5 fxe4 14.Bxd8 Nd3+ 15.
Qxd3 exd3 16.Bf6 Rf8 17.Bxd4 e5 18.Be3 Bd7 19.Nd2 Bc6 20.f3 Nd5 21.Bh6 Rf5
22.O-O-O Rh5 23.Ne4 Be7 24.Bg7 Nf4 25.Ng3 Ne2+ 26.Nxe2 dxe2 27.Rde1 e4 28.
fxe4 Bg5+ 29.Kb1 Bxe4+ 30.Bc2 Bxc2+ 31.Kxc2 Kf7 32.Bd4 Re8 33.Kd3 Bf6 34.
Rxe2 Rxe2 35.Kxe2 Bxd4 36.cxd4 Ke6 37.h4 Ra5 38.a3 Kd5 39.Ke3 Ra4 40.h5 
Rxd4 41.hxg6 hxg6 42.Rh7 Rc4 43.Rxb7 Rc2 44.g4 g5 45.Rb5+ Ke6 46.Rxg5 Rxb2
47.Ra5 Rb7 48.Kf4 Kf6 49.g5+ Kg6 50.Ra6+ Kg7 51.Kg4 Rc7 52.Kh5 Rb7 53.a4 
Rc7 54.a5 Rb7 55.Rc6 Rd7 56.a6 Re7 57.Rc8 Re6 58.Rc7+ Kg8 59.Rxa7 Rb6 60.
g6 Rb1 61.Rb7 Rh1+ 62.Kg5 Ra1 63.a7 Ra2 64.Kf5 1-0

[Event "11th EUR-ch"]
[Site "Rijeka CRO"]
[Date "2010.03.14"]
[Round "8"]
[White "Kanarek, Marcel"]
[Black "Sahitaj, Naim"]
[Result "0-1"]
[WhiteElo "2388"]
[BlackElo "1562"]
[EventDate "2010.03.06"]
[PlyCount "178"]

1.e4 g6 2.d4 Bg7 3.Nc3 d6 4.f4 Nf6 5.Nf3 O-O 6.Be3 c6 7.e5 Nd5 8.Nxd5 cxd5
9.Bd3 Nc6 10.c3 dxe5 11.fxe5 f6 12.exf6 exf6 13.O-O Ne7 14.Qb3 Bf5 15.Bxf5
Nxf5 16.Rae1 Qd7 17.Bf4 Rfe8 18.h3 h5 19.Qc2 g5 20.Bc1 Ng3 21.Rxe8+ Rxe8 
22.Re1 Rxe1+ 23.Nxe1 Qe7 24.Kf2 Nh1+ 25.Kf1 f5 26.Qd3 h4 27.Nc2 Ng3+ 28.
Kf2 a6 29.Ne3 Qe6 30.Nf1 Ne4+ 31.Kg1 Bf6 32.Qe2 Kg7 33.Qc2 Bd8 34.Qb3 b5 
35.Ne3 Ng3 36.Bd2 Ne2+ 37.Kf1 Nf4 38.Qc2 Kf6 39.Bc1 Bc7 40.Kf2 Nh5 41.b3 
Bb6 42.Bb2 Nf4 43.c4 bxc4 44.bxc4 Kg6 45.c5 Bc7 46.Bc1 Nh5 47.Qb3 Nf6 48.
Kf1 Qe4 49.Qc2 Qe6 50.Qb3 g4 51.hxg4 fxg4 52.Qc2+ Kf7 53.Qf5 h3 54.gxh3 
gxh3 55.Qf3 h2 56.Kg2 Ke8 57.Kh1 Qe4 58.Qxe4+ Nxe4 59.Ng4 Ng3+ 60.Kxh2 
Ne2+ 61.Kg2 Nxc1 62.Nf6+ Kd8 63.Nxd5 Ne2 64.Nb4 a5 65.Nc2 Nc3 66.Kf3 Kd7 
67.Ke3 Kc6 68.Kd3 Nd5 69.Kc4 Bf4 70.Kd3 Bg5 71.Kc4 Bh6 72.Na1 Ne3+ 73.Kc3 
Kb5 74.Nb3 a4 75.Na1 Nd5+ 76.Kb2 Ne3 77.Nc2 Bg7 78.Na3+ Kb4 79.c6 Bxd4+ 
80.Kc1 Be5 81.Nc2+ Nxc2 82.Kxc2 Kb5 83.Kd3 Kxc6 84.Kc4 Bd6 85.Kc3 Kb5 86.
Kb2 Kc4 87.Kc2 Kb4 88.Kb2 Be5+ 89.Kc1 Ka3 0-1

[Event "11th EUR-ch"]
[Site "Rijeka CRO"]
[Date "2010.03.14"]
[Round "8"]
[White "Demel, Paul"]
[Black "Pavlidis, Antonios"]
[Result "0-1"]
[WhiteElo "2155"]
[BlackElo "2376"]
[EventDate "2010.03.06"]
[PlyCount "182"]

1.e4 c5 2.Nf3 d6 3.d4 cxd4 4.Nxd4 Nf6 5.Nc3 g6 6.Be3 Bg7 7.f3 Nc6 8.Qd2 
O-O 9.O-O-O d5 10.Nxc6 bxc6 11.Bc4 Qc7 12.Bb3 a5 13.h4 a4 14.Nxa4 dxe4 15.
h5 Nd5 16.hxg6 hxg6 17.Bd4 Bxd4 18.Qxd4 Qf4+ 19.Kb1 Nf6 20.Nb6 Rb8 21.Nxc8
Rbxc8 22.Qc4 Qe5 23.fxe4 c5 24.Rh4 Kg7 25.Rdh1 Rcd8 26.c3 Rd2 27.Qf1 g5 
28.R4h2 Qxe4+ 29.Ka1 c4 30.Bxc4 Qc2 31.Qc1 Qxc1+ 32.Rxc1 Rfd8 33.Rhh1 Rxg2
34.Rcd1 Rb8 35.Rhe1 e6 36.Re2 Rg4 37.Bd3 Nd5 38.Rh2 f5 39.Rdh1 Nf4 40.Bc4 
Rb6 41.Rh7+ Kf6 42.R7h6+ Ng6 43.Be2 Rh4 44.R6xh4 gxh4 45.a4 Nf4 46.a5 Rb8 
47.Bf3 Kg5 48.Rg1+ Kf6 49.a6 Nd5 50.c4 Nc7 51.Bb7 Nxa6 52.Bxa6 Ra8 53.b4 
Rxa6+ 54.Kb2 Ra8 55.b5 h3 56.Kc3 h2 57.Rh1 Rh8 58.c5 Ke7 59.Kb4 Kd7 60.Kc4
Rh4+ 61.Kc3 e5 62.Kd3 Ke6 63.b6 Kd5 64.b7 Rb4 65.Rxh2 Rb3+ 66.Kc2 Rxb7 67.
Rh5 Rf7 68.Kd3 Kxc5 69.Rh8 Kd5 70.Rd8+ Ke6 71.Re8+ Re7 72.Rf8 Rd7+ 73.Ke3 
f4+ 74.Ke2 Rf7 75.Re8+ Re7 76.Rf8 Ra7 77.Kf3 Ra3+ 78.Kf2 Kd5 79.Rb8 Rd3 
80.Rb5+ Ke4 81.Rb4+ Rd4 82.Rb2 Ra4 83.Rc2 Kd3 84.Rc8 e4 85.Rd8+ Kc4 86.
Rc8+ Kd4 87.Rd8+ Ke5 88.Re8+ Kd6 89.Rd8+ Ke7 90.Rb8 Ra2+ 91.Ke1 Ke6 0-1

[Event "11th EUR-ch"]
[Site "Rijeka CRO"]
[Date "2010.03.14"]
[Round "8"]
[White "Porfireanu, Serban"]
[Black "Bentivegna, Francesco"]
[Result "1/2-1/2"]
[WhiteElo "2034"]
[BlackElo "2361"]
[EventDate "2010.03.06"]
[PlyCount "64"]

1.c4 e5 2.Nc3 Nf6 3.g3 c6 4.Bg2 d5 5.cxd5 cxd5 6.d3 d4 7.Ne4 Nxe4 8.Bxe4 
Nc6 9.a3 Bd6 10.Qc2 Bd7 11.Bd2 O-O 12.Nf3 Kh8 13.h4 Rc8 14.Qd1 Qe8 15.h5 
Ne7 16.h6 g6 17.Bb4 Bxb4+ 18.axb4 f5 19.Bxb7 Rc7 20.Ba6 Nc6 21.Rc1 Qb8 22.
b5 Nb4 23.O-O Rxc1 24.Qxc1 Qd6 25.Ng5 Nxa6 26.bxa6 Bc6 27.b4 f4 28.Qc5 
Qxc5 29.bxc5 Kg8 30.Kh2 fxg3+ 31.Kxg3 Rf5 32.Ne4 Kf8 1/2-1/2

[Event "11th EUR-ch"]
[Site "Rijeka CRO"]
[Date "2010.03.14"]
[Round "8"]
[White "Wintzer, Joachim"]
[Black "Lorscheid, Gerhard"]
[Result "1/2-1/2"]
[WhiteElo "2361"]
[BlackElo "2328"]
[EventDate "2010.03.06"]
[PlyCount "57"]

1.d4 d5 2.c4 c6 3.Nf3 Nf6 4.Nc3 a6 5.c5 Nbd7 6.Bf4 Nh5 7.Bd2 Nhf6 8.Qc2 g6
9.g3 e5 10.dxe5 Ng4 11.e6 Nxc5 12.exf7+ Kxf7 13.e4 Bg7 14.Bg2 Bxc3 15.Bxc3
dxe4 16.Bxh8 Nd3+ 17.Kf1 exf3 18.Bxf3 Ngxf2 19.Qb3+ Ke7 20.Qa3+ c5 21.Re1+
Nxe1 22.Qxc5+ Qd6 23.Bf6+ Ke6 24.Qxd6+ Kxd6 25.Kxf2 Nxf3 26.Kxf3 Be6 27.
Rd1+ Kc6 28.Rc1+ Kd6 29.Rd1+ 1/2-1/2

[Event "11th EUR-ch"]
[Site "Rijeka CRO"]
[Date "2010.03.14"]
[Round "8"]
[White "Zrilic, Bozo"]
[Black "Saric, Ivan"]
[Result "0-1"]
[WhiteElo "1964"]
[BlackElo "2607"]
[EventDate "2010.03.06"]
[PlyCount "92"]

1.e4 c5 2.Nf3 e6 3.d4 cxd4 4.Nxd4 Nc6 5.Nc3 Qc7 6.Be3 a6 7.Qd2 Nf6 8.f3 b5
9.O-O-O Bb7 10.Kb1 b4 11.Na4 d5 12.Bd3 dxe4 13.fxe4 Be7 14.Nf3 Nd7 15.h4 
Nce5 16.b3 O-O 17.Qe2 Nxd3 18.cxd3 Bc6 19.Nb2 e5 20.Ng5 a5 21.Rdf1 h6 22.
Qg4 Nf6 23.Rxf6 Bxf6 24.Qf5 Bxg5 25.hxg5 Qd7 26.Qxe5 f6 27.gxf6 Rxf6 28.g4
Raf8 29.g5 Rf1+ 30.Rxf1 Rxf1+ 31.Bc1 hxg5 32.Qxg5 Qd4 33.Qxa5 Qg1 34.Qd8+ 
Kh7 35.Qh4+ Kg6 36.Nd1 Rxd1 37.Qf4 Rxc1+ 38.Qxc1 Qxc1+ 39.Kxc1 Kg5 40.Kb2 
Kf4 41.a3 bxa3+ 42.Kxa3 g5 43.Kb4 g4 44.Kc5 g3 45.Kxc6 g2 46.d4 g1=Q 0-1

[Event "11th EUR-ch"]
[Site "Rijeka CRO"]
[Date "2010.03.14"]
[Round "8"]
[White "Malakhov, Igor"]
[Black "Mihalinec, Damir"]
[Result "1-0"]
[WhiteElo "2425"]
[BlackElo "2232"]
[EventDate "2010.03.06"]
[PlyCount "60"]

1.e4 c5 2.Nf3 d6 3.d4 cxd4 4.Nxd4 Nf6 5.Nc3 g6 6.Be3 Bg7 7.f3 Nc6 8.Qd2 
O-O 9.Bc4 Bd7 10.O-O-O Rc8 11.Bb3 Ne5 12.Kb1 Re8 13.h4 h5 14.g4 hxg4 15.h5
Nxh5 16.Rdg1 e6 17.Bh6 Qf6 18.fxg4 Nc4 19.Bxc4 Qxd4 20.Bd3 Bxh6 21.Qxh6 
Qg7 22.Qe3 Nf6 23.g5 Nh5 24.Be2 Rxc3 25.bxc3 Rc8 26.Bxh5 gxh5 27.Rg3 Rc5 
28.Rxh5 Bc6 29.Qf4 Qg6 30.Rgh3 Bxe4 1-0

[Event "11th EUR-ch"]
[Site "Rijeka CRO"]
[Date "2010.03.14"]
[Round "8"]
[White "Platzgummer, Fabian"]
[Black "Tate, Alan"]
[Result "1/2-1/2"]
[WhiteElo "2383"]
[BlackElo "2215"]
[EventDate "2010.03.06"]
[PlyCount "73"]

1.d4 Nf6 2.Nf3 g6 3.Bf4 Bg7 4.e3 O-O 5.Be2 c5 6.c3 d6 7.Nbd2 Be6 8.h3 Qb6 
9.Qc2 Nc6 10.O-O Rac8 11.dxc5 Qxc5 12.e4 d5 13.Nb3 Qb6 14.Be3 Qc7 15.Ng5 
Bd7 16.Nc5 h6 17.Nf3 Nxe4 18.Nxe4 dxe4 19.Qxe4 Bf5 20.Qh4 g5 21.Qa4 Rcd8 
22.Nh2 e5 23.h4 Qe7 24.hxg5 hxg5 25.b4 a6 26.Bc5 Qe6 27.Bxf8 Rxf8 28.Qb3 
Qg6 29.a4 e4 30.b5 Ne5 31.Qd5 g4 32.Qxb7 Nf3+ 33.Bxf3 gxf3 34.Nxf3 exf3 
35.Qxf3 Be4 36.Qh3 axb5 37.axb5 1/2-1/2

[Event "11th EUR-ch"]
[Site "Rijeka CRO"]
[Date "2010.03.14"]
[Round "8"]
[White "Lanzani, Mario"]
[Black "Pogosian, Vladimir"]
[Result "1-0"]
[WhiteElo "2371"]
[BlackElo "2204"]
[EventDate "2010.03.06"]
[PlyCount "85"]

1.e4 e5 2.f4 exf4 3.Bc4 b5 4.Bxb5 Qh4+ 5.Kf1 Bb7 6.Nc3 Bb4 7.d3 Ne7 8.Qf3 
Qf6 9.Nge2 g5 10.g3 Qg6 11.h4 f5 12.hxg5 fxe4 13.Nxe4 Bxe4 14.Qxe4 fxg3 
15.Qxg6+ Nxg6 16.Kg2 a5 17.Nxg3 a4 18.Ne4 c6 19.Nf6+ Kd8 20.Bc4 d5 21.a3 
Bd6 22.Ba2 Ra7 23.Be3 Rb7 24.b4 axb3 25.Bxb3 Nd7 26.Bd4 c5 27.Be3 Be5 28.
Raf1 d4 29.Bc1 Nb6 30.a4 c4 31.dxc4 Ra7 32.Bd2 Nd7 33.Nxd7 Rxd7 34.c5 d3 
35.Ba5+ Bc7 36.Bc3 Re8 37.cxd3 Rxd3 38.Rd1 Nf4+ 39.Kf1 Re3 40.Rxd3+ Nxd3 
41.Bf6+ Ke8 42.Bc2 Rf3+ 43.Ke2 1-0

[Event "11th EUR-ch"]
[Site "Rijeka CRO"]
[Date "2010.03.14"]
[Round "8"]
[White "Hoffmann, Paul"]
[Black "Hartung, Jerry"]
[Result "0-1"]
[WhiteElo "2361"]
[BlackElo "2191"]
[EventDate "2010.03.06"]
[PlyCount "80"]

1.e4 e5 2.Bc4 Nf6 3.d3 Bc5 4.Nf3 d6 5.O-O Qe7 6.c3 Nbd7 7.Nbd2 Nf8 8.b4 
Bb6 9.a4 c6 10.a5 Bc7 11.d4 Ng6 12.Re1 O-O 13.Ba3 b5 14.Bf1 a6 15.c4 Bb7 
16.Qb3 Rac8 17.Rad1 Rfe8 18.Bb2 Bb8 19.Bc3 Ng4 20.h3 Nf6 21.Qb2 Qc7 22.Rc1
Qe7 23.Nb3 c5 24.d5 bxc4 25.Nbd2 Ba7 26.Nxc4 Nxe4 27.Rxe4 Bxd5 28.Ree1 
Bxf3 29.gxf3 cxb4 30.Bd2 Qh4 31.Be3 Bxe3 32.Nxe3 Nf4 33.Rxc8 Rxc8 34.Rd1 
Nxh3+ 35.Bxh3 Qxh3 36.Qxb4 Qxf3 37.Qxd6 h5 38.Qxa6 Rc6 39.Qa8+ Kh7 40.Kf1 
Qh1+ 0-1

[Event "11th EUR-ch"]
[Site "Rijeka CRO"]
[Date "2010.03.14"]
[Round "8"]
[White "Szamoskozi, Gabor"]
[Black "Malachi, Avraham"]
[Result "1/2-1/2"]
[WhiteElo "2347"]
[BlackElo "2188"]
[EventDate "2010.03.06"]
[PlyCount "114"]

1.e4 e5 2.Nf3 Nc6 3.d4 exd4 4.Nxd4 Nf6 5.Nxc6 bxc6 6.e5 Qe7 7.Qe2 Nd5 8.c4
Ba6 9.b3 g6 10.g3 Bg7 11.Bb2 O-O 12.Bg2 Rfe8 13.O-O Bxe5 14.Qxe5 Qxe5 15.
Bxe5 Rxe5 16.cxd5 Bxf1 17.Kxf1 cxd5 18.Nc3 c6 19.Rd1 Rae8 20.Bf3 f5 21.Ne2
a5 22.Rd4 Ra8 23.Ra4 Ree8 24.Nf4 Kf8 25.h4 Ke7 26.Ke2 Kd6+ 27.Kd2 Kc5 28.
Nd3+ Kb6 29.Rf4 Re7 30.h5 Rae8 31.a3 Kc7 32.Kc3 Kb6 33.hxg6 hxg6 34.g4 
fxg4 35.Rxg4 Rf7 36.Bg2 Rf6 37.Rg5 Re2 38.Bh3 Kc7 39.Bg4 Re7 40.Bd1 Kd6 
41.Rg3 Re4 42.Rh3 c5 43.a4 c4 44.bxc4 Rxc4+ 45.Kd2 Rd4 46.Rh8 Kc7 47.Ra8 
Kb6 48.Rb8+ Kc7 49.Rb5 g5 50.f3 Rb6 51.Rxa5 Rb1 52.Rc5+ Kd6 53.Rc3 Ra1 54.
Bb3 Ra3 55.Kc2 Ra1 56.Kd2 Ra3 57.Kc2 Ra1 1/2-1/2

[Event "11th EUR-ch"]
[Site "Rijeka CRO"]
[Date "2010.03.14"]
[Round "8"]
[White "Sandalakis, Angelos"]
[Black "Sikanjic, Bojan"]
[Result "1-0"]
[WhiteElo "2319"]
[BlackElo "2170"]
[EventDate "2010.03.06"]
[PlyCount "108"]

1.e4 c5 2.Nf3 Nc6 3.d4 cxd4 4.Nxd4 g6 5.c4 Bg7 6.Be3 Nf6 7.Nc3 O-O 8.Be2 
d6 9.O-O Bd7 10.Qd2 Nxd4 11.Bxd4 Bc6 12.f3 a5 13.Rfd1 Nd7 14.Be3 Nc5 15.b3
Qb6 16.Rab1 Qb4 17.Rdc1 Rfc8 18.Nd5 Bxd5 19.cxd5 Qxd2 20.Bxd2 Bd4+ 21.Kf1 
e5 22.dxe6 fxe6 23.Bc4 Kf7 24.a3 Kf6 25.Bb5 Ke7 26.Ke2 Bf6 27.g3 Bd4 28.
Rc4 Bf6 29.Be3 e5 30.Rbc1 Kd8 31.Bxc5 dxc5 32.Rxc5 Rxc5 33.Rxc5 Rc8 34.
Rd5+ Kc7 35.Rd7+ Kb6 36.Bc4 Rc7 37.Rd1 Be7 38.a4 g5 39.Rf1 Bd6 40.Rd1 Be7 
41.Kf2 h5 42.Kg2 Rc5 43.Kh3 Rc7 44.Rd5 Rc5 45.Rd3 Rc7 46.Bf7 h4 47.Bc4 Rc5
48.Kg4 Rc6 49.Kf5 Kc7 50.Kxe5 hxg3 51.hxg3 Rd6 52.Bd5 b6 53.Kf5 Rf6+ 54.
Kxg5 Bd6 1-0

[Event "11th EUR-ch"]
[Site "Rijeka CRO"]
[Date "2010.03.14"]
[Round "8"]
[White "Kunze, Carlo"]
[Black "Milonakis, Georgios"]
[Result "1/2-1/2"]
[WhiteElo "2306"]
[BlackElo "2154"]
[EventDate "2010.03.06"]
[PlyCount "146"]

1.d4 Nf6 2.c4 g6 3.Nc3 Bg7 4.e4 d6 5.Be2 O-O 6.Nf3 e5 7.d5 a5 8.Bg5 h6 9.
Bh4 g5 10.Bg3 Nh5 11.h4 Nxg3 12.fxg3 g4 13.Nh2 h5 14.O-O Bh6 15.Bd3 Na6 
16.Qe2 Bd7 17.Rf2 f6 18.Nf1 Qb8 19.Kh2 Qa7 20.Bc2 Rad8 21.a3 c6 22.Rb1 Kg7
23.Nd1 cxd5 24.cxd5 Rc8 25.Nfe3 Qd4 26.b4 axb4 27.Ba4 Bxe3 28.Nxe3 b5 29.
Bxb5 Bxb5 30.Nf5+ Kh8 31.Qxb5 Qxf2 32.Qxa6 Rc2 33.Rg1 Rb8 34.axb4 Qb6 35.
Qa4 Rc7 36.Rb1 Rbc8 37.Qd1 Rc2 38.Qe1 R8c3 39.b5 Kg8 40.Ra1 Qc5 41.Ra8+ 
Kf7 42.Rc8 Qa3 43.Nxd6+ Ke7 44.Rc6 Qc1 45.Nf5+ Kd7 46.Rxc3 Qxe1 47.Rxc2 
Qxe4 48.Rf2 Qxd5 49.b6 Qb5 50.Ng7 Qxb6 51.Rf5 e4 52.Nxh5 e3 53.Nf4 Qb2 54.
Rd5+ Ke8 55.Rd6 Kf7 56.Rd7+ Ke8 57.Rd6 Qe5 58.Ra6 f5 59.Ra2 Qc3 60.Ra8+ 
Kd7 61.Ra7+ Kd6 62.Ra6+ Kc5 63.Re6 Qd4 64.Re8 Kc4 65.Re6 Kb3 66.Rc6 Qe4 
67.Re6 Qd4 68.Rc6 Qd2 69.Rc5 e2 70.Nxe2 Qxe2 71.Rxf5 Qe4 72.Rf4 Qg6 73.Rf1
Kc3 1/2-1/2

[Event "11th EUR-ch"]
[Site "Rijeka CRO"]
[Date "2010.03.14"]
[Round "8"]
[White "Zelic, Mladen"]
[Black "Welz, Peter"]
[Result "1-0"]
[WhiteElo "2306"]
[BlackElo "2148"]
[EventDate "2010.03.06"]
[PlyCount "125"]

1.e4 e6 2.d4 d5 3.Nc3 Bb4 4.Ne2 dxe4 5.a3 Be7 6.Nxe4 Nf6 7.Qd3 Nbd7 8.Bf4 
Nxe4 9.Qxe4 Nf6 10.Qf3 c5 11.dxc5 Bxc5 12.Rd1 Qb6 13.b4 Be7 14.c4 a5 15.c5
Qa7 16.Nd4 axb4 17.Nb5 Qa5 18.Nc7+ Kf8 19.axb4 Qxb4+ 20.Bd2 Qa3 21.Nxa8 
Qxa8 22.Bb5 Nd5 23.O-O Bxc5 24.Ra1 Qb8 25.Bc4 Qd6 26.Rfd1 Ke7 27.Bxd5 exd5
28.Bg5+ f6 29.Rxd5 Qb6 30.Re1+ Kf7 31.Rc1 Bxf2+ 32.Qxf2 Qxf2+ 33.Kxf2 fxg5
34.Rxg5 Bd7 35.Rc7 Kf6 36.Rg3 Bc6 37.Rgxg7 h5 38.Rh7 Ra8 39.Rxh5 Ra2+ 40.
Ke3 Rxg2 41.Rch7 Ra2 42.R5h6+ Ke5 43.Re7+ Kf5 44.Rf7+ Kg5 45.Rh8 Kg6 46.
Rf4 Ra3+ 47.Kf2 Kg5 48.Rff8 Bd5 49.Rd8 Bc6 50.Rhg8+ Kf4 51.Rdf8+ Ke4 52.
Rh8 Rb3 53.h4 b5 54.h5 Bd7 55.h6 Bf5 56.h7 Rb2+ 57.Ke1 Ke3 58.Re8+ Kd3 59.
Re7 Rb1+ 60.Kf2 Bxh7 61.Rhxh7 b4 62.Rh3+ Kc2 63.Re2+ 1-0

[Event "11th EUR-ch"]
[Site "Rijeka CRO"]
[Date "2010.03.14"]
[Round "8"]
[White "Nedochetov, Mikhail"]
[Black "Kinez, Ivo"]
[Result "1/2-1/2"]
[WhiteElo "2299"]
[BlackElo "2138"]
[EventDate "2010.03.06"]
[PlyCount "189"]

1.d4 Nf6 2.Nf3 d5 3.c4 g6 4.cxd5 Nxd5 5.e4 Nb6 6.h3 Bg7 7.Nc3 O-O 8.Be2 e6
9.O-O h6 10.a4 a5 11.Bf4 c6 12.Qb3 Na6 13.Rfd1 Nb4 14.Na2 Nxa2 15.Qxa2 Qe7
16.Qb3 Nd7 17.Rac1 Kh7 18.e5 Re8 19.Nd2 c5 20.Bb5 cxd4 21.Nf3 Rd8 22.Rxd4 
Nc5 23.Rxc5 Rxd4 24.Rxc8 Rb4 25.Qxb4 Qxb4 26.Rxa8 Qxf4 27.Rxa5 Qc1+ 28.Bf1
Qc7 29.Rb5 b6 30.b4 Bf8 31.a5 bxa5 32.bxa5 Qa7 33.Nd2 Be7 34.Ne4 Bd8 35.
Nd6 h5 36.Nc4 Kg7 37.Rb2 f6 38.Ra2 Bc7 39.exf6+ Kxf6 40.a6 h4 41.Ne3 g5 
42.Rd2 Ke7 43.Rb2 Qd4 44.Ra2 Bb8 45.Ra5 Qf4 46.Ng4 Ba7 47.Rb5 Kd6 48.Rb7 
Qd4 49.Rb3 Ke7 50.Rb5 Bc5 51.Rb7+ Kd6 52.Rb8 Kc7 53.Rg8 Qf4 54.Rg7+ Kb8 
55.Rd7 Ka8 56.Rd1 Bd6 57.Re1 e5 58.Rd1 Bc5 59.Rd3 e4 60.Rd5 Bb6 61.Re5 
Bxf2+ 62.Kh1 Bd4 63.Re8+ Ka7 64.Re7+ Kb8 65.Rb7+ Ka8 66.Rb1 Qd2 67.Bb5 e3 
68.Nh2 Qc2 69.Re1 Qf2 70.Nf3 Ka7 71.Rd1 Bb6 72.Rd7+ Kb8 73.Rb7+ Kc8 74.
Rxb6 e2 75.Rc6+ Kb8 76.Rc1 g4 77.Bxe2 Qxe2 78.Ng1 Qb2 79.Re1 gxh3 80.Nxh3 
Ka7 81.Re6 Qc1+ 82.Ng1 Qc4 83.Rf6 Qd4 84.Rh6 Qf4 85.Rg6 Qf5 86.Rh6 Qg5 87.
Rc6 Qg4 88.Rc3 Kxa6 89.Rh3 Qb4 90.Nf3 Qb1+ 91.Kh2 Qb8+ 92.Kg1 Qb1+ 93.Kh2 
Qb8+ 94.Kg1 Qb1+ 95.Kh2 1/2-1/2

[Event "11th EUR-ch"]
[Site "Rijeka CRO"]
[Date "2010.03.14"]
[Round "8"]
[White "Katzir, Moshe"]
[Black "Burstein, Almog"]
[Result "1-0"]
[WhiteElo "2288"]
[BlackElo "2100"]
[EventDate "2010.03.06"]
[PlyCount "65"]

1.e4 e5 2.Nf3 Nc6 3.Bc4 Nf6 4.d3 Be7 5.O-O d6 6.a4 Bg4 7.h3 Bh5 8.c3 O-O 
9.Re1 Kh8 10.a5 a6 11.Nbd2 Nd7 12.Nf1 Nc5 13.Ng3 Bg6 14.Bd5 Qd7 15.d4 exd4
16.cxd4 Ne6 17.Bb3 Ned8 18.Ba4 Qc8 19.Bd2 b5 20.axb6 cxb6 21.Rc1 Qb7 22.
Bb3 f6 23.Bd5 Rc8 24.Nf5 Bf7 25.Qa4 b5 26.Qa2 Qd7 27.Qxa6 Bxd5 28.exd5 
Qxf5 29.dxc6 Rf7 30.Nh4 Rxc6 31.Rxc6 Qd3 32.Rc8 Qxd2 33.Rxd8+ 1-0

[Event "11th EUR-ch"]
[Site "Rijeka CRO"]
[Date "2010.03.14"]
[Round "8"]
[White "Veleski, Robert"]
[Black "Reinwald, Patrick"]
[Result "1-0"]
[WhiteElo "2278"]
[BlackElo "2091"]
[EventDate "2010.03.06"]
[PlyCount "78"]

1.d4 Nf6 2.Nf3 e6 3.c3 b6 4.Bg5 Bb7 5.Nbd2 Be7 6.Qc2 d5 7.e3 Nbd7 8.Bb5 c6
9.Be2 c5 10.O-O O-O 11.Rfe1 Ne4 12.Bxe7 Qxe7 13.Nxe4 dxe4 14.Nd2 cxd4 15.
cxd4 e5 16.Qc7 Rab8 17.dxe5 Rfe8 18.Rac1 Nxe5 19.Bb5 Qxc7 20.Rxc7 Rec8 21.
Rec1 Nd3 22.Rxc8+ Rxc8 23.Rxc8+ Bxc8 24.Bxd3 exd3 25.Kf1 f5 26.Ke1 Kf7 27.
Nf3 Bb7 28.Kd2 Kf6 29.Kxd3 g5 30.Kd4 f4 31.e4 h5 32.h4 gxh4 33.Nxh4 Kg5 
34.Nf3+ Kg4 35.b4 Bc8 36.Ke5 Ba6 37.Kf6 Be2 38.Ne5+ Kh4 39.Kf5 Bf1 1-0